Actors & Actresses by Movie: 'K' Quiz Stats

 Plays Quiz Updated Jul 7, 2018

Challenge
Share
Tweet
Score 0/20 Timer 05:00
5 Plays Today
% Correct
Keira Knightley - Pirates of the Caribbean
94.4%
Ben Kingsley - Gandhi
93.5%
Irrfan Khan - Life of Pi
92.6%
Anna Kendrick - Pitch Perfect
92.5%
Daniel Kaluuya - Get Out
91.7%
Nicole Kidman - Eyes Wide Shut
91.4%
Michael Keaton - Birdman or ...
89.2%
Harvey Keitel - Reservoir Dogs
88.4%
Diane Keaton - Annie Hall
87.1%
Val Kilmer - The Doors
86.8%
% Correct
Mila Kunis - Black Swan
86.3%
Lisa Kudrow - Romy and Michele's
High School Reunion
85.4%
Greg Kinnear - Little Miss Sunshine
83.1%
Rinko Kikuchi - Pacific Rim
82.2%
Buster Keaton - The General
78.5%
Grace Kelly - Rear Window
77%
Madeline Kahn - Blazing Saddles
74.7%
Gene Kelly - Singin' in the Rain
74.1%
George Kennedy - Cool Hand Luke
73.7%
Eartha Kitt - The Emperor's New Groove
61.4%

You're not logged in!

Compare scores with friends on all Sporcle quizzes.
Join for Free
OR
Log In

You Might Also Like...

Show Comments

Extras

Top Quizzes Today


Score Distribution

Your Account Isn't Verified!

In order to create a playlist on Sporcle, you need to verify the email address you used during registration. Go to your Sporcle Settings to finish the process.

Report this User

Report this user for behavior that violates our Community Guidelines.

Details: